• 首页
  • 本馆介绍
  • 公告通知
  • 最新文献
  • 馆藏检索
  • 电子资源
  • 读者导购
  • 参考咨询
  • 我的图书馆
  • 登录
  • 详细信息显示
  • 放入我的书架
  • 预约/预借图书
  • 作者相关作品
  • 分类相关作品
  • 丛书相关作品
  • 出版社相关作品

书目信息

  • 表格格式
  • 工作单格式
  • 卡片格式
题名:
民营企业内部管理
    
 
作者: 张建军 , 常兴华 编著
分册: 下册  
出版信息: 北京   中国水利水电出版社  2005
页数:
开本:
丛书名:
单 册:
中图分类: F276.5
科图分类:
主题词: 企业经济
电子资源:
ISBN: 7-5084-2726-2
000 00693nam0 2200193 450
001 0760515518
005 20070817164835.51
010    @a7-5084-2726-2@d¥18.00
100    @a20070817d km y0chiy0120 ea
101 0  @achi
200 1  @a民营企业内部管理@Amin ying qi ye nei bu guan li@e最实用德方法和工具精选@h下册@f常兴华,张建军编著@Fchang xing hua,zhang jian jun bian zhu
210    @a北京@c中国水利水电出版社@d2005
517 1  @a最实用德方法和工具精选@Azui shi yong de fang fa he gong ju jing xuan
606 0  @a企业经济
690    @aF276.5@v3
701  0 @a张建军@Azhang jian jun@4编著
701  0 @a常兴华@Achang xing hua@4编著
801  0 @aCN@bPFT@c20070817
905    @a213230@dF276.5@eg296:2@f1
    
    民营企业内部管理:最实用德方法和工具精选.下册/常兴华,张建军编著.-北京:中国水利水电出版社,2005
    
    
    
    ISBN 7-5084-2726-2:¥18.00
    
●
相关链接 在E读中查询图书 在五车中查询图书 在当当中查询图书 在豆瓣中查询图书


正题名:民营企业内部管理     索取号:F276.5/g296:2         预约/预借

序号 登录号 条形码 馆藏地/架位号 状态 备注
1 6503879   265038791   密集书库-海洋学院/ [索取号:F276.5/g296:2] 在馆    
2 6503880   265038808   密集书库-海洋学院/ [索取号:F276.5/g296:2] 在馆    
唐山师范学院图书馆 欢迎您!
大连网信软件有限公司© 版权所有